[Event "GER North-chT U16"]
[Site "Magdeburg"]
[Date "2006.08.28"]
[Round "5.3"]
[White "Teltewskoi, Alexander"]
[Black "Vyelina, Valeriya"]
[Result "1/2-1/2"]
[WhiteElo "1408"]
[BlackElo "1218"]
[PlyCount "60"]
[EventDate "2006.08.26"]
[EventType "team"]
[EventRounds "7"]
[EventCountry "GER"]
[SourceTitle "EXT 2007"]
[Source "ChessBase"]
[SourceDate "2006.11.23"]
[SourceVersion "1"]
[SourceVersionDate "2006.11.23"]
[SourceQuality "1"]

1. e4 c5 2. Nc3 Nc6 3. g3 g6 4. Bg2 Bg7 5. d3 e6 6. Be3 Nge7 7. f4 b6 8. Nf3 d5 9. Bf2 0-0 10. 0-0 Ba6 11. e5 Rc8 12. Re1 Qd7 13. d4 cxd4 14. Nxd4 Nxd4 15. Bxd4 Nf5 16. b3 Qc6 17. Ne2 Qxc2 18. a4 Nxd4 19. Nxd4 Qd3 20. Qxd3 Bxd3 21. Rac1 Rc5 22. Red1 Ba6 23. b4 Rxc1 24. Rxc1 Bc4 25. Nc6 a6 26. Bf1 b5 27. Kf2 f6 28. Kg2 fxe5 29. Bxc4 bxc4 30. fxe5 Bh6 1/2-1/2

[Event "GER North-chT U16"]
[Site "Magdeburg"]
[Date "2006.08.27"]
[Round "4.3"]
[White "Fiss, Daniel"]
[Black "Vyelina, Valeriya"]
[Result "1-0"]
[WhiteElo "1008"]
[BlackElo "1218"]
[PlyCount "63"]
[EventDate "2006.08.26"]
[EventType "team"]
[EventRounds "7"]
[EventCountry "GER"]
[SourceTitle "EXT 2007"]
[Source "ChessBase"]
[SourceDate "2006.11.23"]
[SourceVersion "1"]
[SourceVersionDate "2006.11.23"]
[SourceQuality "1"]

1. d4 d5 2. c4 e6 3. Nc3 Nf6 4. Bg5 Nbd7 5. Nf3 c6 6. e3 Bb4 7. Rc1 0-0 8. cxd5 cxd5 9. Bd3 Bxc3+ 10. Rxc3 Qb6 11. Qc2 Re8 12. 0-0 e5 13. Nxe5 Ne4 14. Bxe4 dxe4 15. Bf4 Qe6 16. Nxd7 Bxd7 17. b3 Rac8 18. Rc1 Rxc3 19. Qxc3 Rc8 20. Qd2 Rxc1+ 21. Qxc1 Bc6 22. Qa3 a6 23. Qc5 h6 24. Qd6 Qg4 25. h3 Qd1+ 26. Kh2 Qe2 27. d5 Bb5 28. Qb8+ Kh7 29. a4 Bd3 30. Bg3 b5 31. d6 bxa4 32. bxa4 1-0

[Event "GER-ch U12"]
[Site "Willingen"]
[Date "2005.05.16"]
[Round "4"]
[White "Vyelina, Valeriya"]
[Black "Falke, Cynthia"]
[Result "0-1"]
[WhiteElo "885"]
[BlackElo "1190"]
[PlyCount "120"]
[EventDate "2005.05.14"]
[EventType "swiss"]
[EventRounds "11"]
[EventCountry "GER"]
[SourceTitle "CBM 106 Extra"]
[Source "ChessBase"]
[SourceDate "2005.07.01"]
[SourceVersion "1"]
[SourceVersionDate "2005.07.01"]
[SourceQuality "1"]

1. e4 e5 2. Nf3 Nc6 3. Bc4 Bc5 4. c3 Nf6 5. d4 exd4 6. e5 Ng4 7. cxd4 Bb4+ 8. Nc3 f6 9. Bf4 d6 10. Qe2 Qe7 11. e6 Nd8 12. d5 c6 13. 0-0 Bxc3 14. bxc3 cxd5 15. Bb5+ Nc6 16. Bxc6+ bxc6 17. Rfe1 Ne5 18. Nxe5 dxe5 19. Bg3 Bxe6 20. Qa6 Qd7 21. Rad1 0-0 22. c4 Qc8 23. Qxc8 Raxc8 24. cxd5 cxd5 25. h3 Rc2 26. Ra1 d4 27. Bh2 Bxa2 28. f4 Bd5 29. g4 Rc3 30. fxe5 Rxh3 31. exf6 Rxf6 32. Rxa7 Re6 33. Rf1 Rf3 34. Rb1 d3 35. Rb8+ Rf8 36. Rxf8+ Kxf8 37. Rd7 Bc4 38. Rd4 Ba6 39. Bf4 Rg6 40. Kf2 Ke8 41. g5 Re6 42. Rd5 Re2+ 43. Kf3 Bb7 44. Kg3 Bxd5 45. Kg4 d2 46. Bxd2 Rxd2 47. Kf5 h6 48. gxh6 gxh6 49. Kg6 Rf2 50. Kxh6 Rg2 51. Kh7 Kf7 52. Kh6 Rg4 53. Kh5 Bf3 54. Kh6 Kf6 55. Kh5 Kf5 56. Kh6 Rg5 57. Kh7 Rg6 58. Kh8 Kf6 59. Kh7 Kf7 60. Kh8 Rh6# 0-1